Energetic materials

Gorde:
Xehetasun bibliografikoak
Egile nagusia: Politzer, Peter
Formatua: Liburua
Hizkuntza:Undetermined
Argitaratua: London Alsvier 2003
Gaiak:
Etiketak: Etiketa erantsi
Etiketarik gabe, Izan zaitez lehena erregistro honi etiketa jartzen!
Thư viện lưu trữ: Trung tâm Học liệu Trường Đại học Cần Thơ
LEADER 00504nam a2200193Ia 4500
001 CTU_97518
008 210402s9999 xx 000 0 und d
020 |c 205.80 
082 |a 662.2 
082 |b P769/Vol.13 
100 |a Politzer, Peter 
245 0 |a Energetic materials 
245 0 |c Peter Politzer 
260 |a London 
260 |b Alsvier 
260 |c 2003 
650 |a Combustion,Thermodynamics,Propellants 
904 |i Tuyến 
980 |a Trung tâm Học liệu Trường Đại học Cần Thơ